000 00693cam a22002413a 4500
001 869
003 PGUSA
005 20140828082953.0
008 970401s1997||||xxu|||||s|||||000 1 eng d
040 _aPGUSA
_beng
042 _adc
050 4 _aPR
100 1 _aJerome, Jerome K.
_q(Jerome Klapka),
_d1859-1927
245 1 4 _aThe Soul of Nicholas Snyders; Or, The Miser of Zandam
_h[electronic resource] /
_cJerome K. Jerome
260 _bProject Gutenberg,
_c1997
506 _aPublic domain in the USA.
516 _aElectronic text
653 _aFiction
653 _aShort stories
830 0 _aProject Gutenberg
_v869
856 4 0 _uhttp://www.gutenberg.org/ebooks/869
942 _cEB
999 _c230220
_d230220